00754nam a2200205 a 450000100100000000500170001000800410002702000180006804000250008608200150011110000250012624501110015125000450026226000500030730000280035749000130038583000200039895201130041899900170053100004098520201002034528.0130912s1982 dr a 000 0 spa d a9781560634577 aDO-SdBNPbspacBNPHU axxxxbxxxx1 aRojas, Armando9454110aA su tiempo se maduran las uvas :buna historia de coraje y fé basada en hechos reales /cArmando Rojas. a4a ed. revisada y ampliada con 2da parte aSanto Domingo :bEdiciones cristianas,c1982. a270 p. :bil. ;c21 cm.1 a23 + uno 0a23 + uno967420 0010718PDaPDbPDcHDd2013-09-12iLF1l0oxxxx xxxxp40985-10r2020-06-25w2020-06-25yLFPDZNo se presta c40475d40475